书目信息 |
| 题名: |
爱弥儿
|
|
| 作者: | 卢梭 著 ;叶红婷 译 | |
| 分册: | 上 | |
| 出版信息: | 北京 台海出版社 2016.09 |
|
| 页数: | 418页 | |
| 开本: | 21cm | |
| 丛书名: | ||
| 单 册: | ||
| 中图分类: | G40-095.65 | |
| 科图分类: | ||
| 主题词: | 教育思想--Jiao Yu Si Xiang--法国--近代 | |
| 电子资源: | ||
| ISBN: | 978-7-5168-1122-1 | |
| 000 | 00969nam0 2200253 450 | |
| 001 | 012024000013 | |
| 005 | 20241025112617.55 | |
| 010 | @a978-7-5168-1122-1@b精装@dCNY39.00 | |
| 100 | @a20241025d2016 em y0chiy50 ea | |
| 101 | 0 | @achi |
| 102 | @aCN@b110000 | |
| 105 | @ay z 000yy | |
| 106 | @ar | |
| 200 | 1 | @a爱弥儿@AAi Mi Er@h上@f(法) 让-雅克·卢梭著@g叶红婷译 |
| 210 | @a北京@c台海出版社@d2016.09 | |
| 215 | @a418页@d21cm | |
| 300 | @a西方百年学术经典 | |
| 330 | @a卢梭在《爱弥儿》中根据儿童的年龄提出了对不同年龄阶段的儿童进行教育的原则、内容和方法。他主张对儿童进行适应自然发展过程的“自然教育”,即服从自然的永恒法则,听任人的身心的自由发展。卢梭通过对“爱弥儿”进行教育的过程,来反对封建教育制度,阐述他的自然教育思想。 | |
| 606 | 0 | @a教育思想@AJiao Yu Si Xiang@y法国@z近代 |
| 690 | @aG40-095.65@v5 | |
| 701 | 1 | @a卢梭@ALu Suo@4著 |
| 702 | 0 | @a叶红婷@AYe Hong Ting@4译 |
| 801 | 0 | @aCN@bAHXH@c20241025 |
| 905 | @b214161235@f1@dG40-095.65@e1541:1 | |
| 爱弥儿.上/(法) 让-雅克·卢梭著/叶红婷译.-北京:台海出版社,2016.09 |
| 418页;21cm |
| 西方百年学术经典 |
| ISBN 978-7-5168-1122-1(精装):CNY39.00 |
| 卢梭在《爱弥儿》中根据儿童的年龄提出了对不同年龄阶段的儿童进行教育的原则、内容和方法。他主张对儿童进行适应自然发展过程的“自然教育”,即服从自然的永恒法则,听任人的身心的自由发展。卢梭通过对“爱弥儿”进行教育的过程,来反对封建教育制度,阐述他的自然教育思想。 |
| ● |
| 相关链接 |
|
|
|
|
正题名:爱弥儿
索取号:G40-095.65/1541:1
 
预约/预借
| 序号 | 登录号 | 条形码 | 馆藏地/架位号 | 状态 | 备注 |
| 1 | 1416123 | 214161235 | 第一样本阅览室/ [索取号:G40-095.65/1541:1] | 在馆 |